00817 2200229 4500001002100000005001700021008004100038035002400079082001000103090002100113100002700134245018800161260002900349300003600378500006500414500003100479650002800510850001500538980001300553985000600566999001500572YOGYA-0209000003966220090227025510.0 ind  0010-020900000039662 a305.4 a395.4bSri PlSK aSRI WAHYUNI, Luh Ketut aPeranan panti sosial karya wanita dalam usaha meningkatkan kreativitas para wanita binaan untuk dapat mencapai kesejahteraan sosial di Sidoarum Yogyakartacoleh, Luh Ketut Sri Wahyuni aYogyakartab[s.n.]c1995 ax, 58, [13] lembarbilusc30 cm aLaporan akhir Akademi Kesejahteraan Sosial "ATPS" Yogyakarta aBibliografi : lembar 59-60 aWanita - Keadaan sosial aYOPDYOG(B) a01-02-08 a1 a07A0028710